Modern Accountancy/ (Record no. 171760)

MARC details
000 -LEADER
fixed length control field 00609nam a22002057a 4500
005 - DATE AND TIME OF LATEST TRANSACTION
control field 20200120131903.0
010 ## - LCCN (DPL NO)
LC control number B-192471
020 ## - INTERNATIONAL STANDARD BOOK NUMBER
International Standard Book Number 0070499667
Terms of availability 795.00
035 ## - SYSTEM CONTROL NUMBER
System control number B-192471
037 ## - SOURCE OF ACQUISITION
Source of stock number/acquisition DBAD/PUB.
082 ## - DEWEY DECIMAL CLASSIFICATION NUMBER
Classification number 657.044
Item number MUK
100 ## - MAIN ENTRY--PERSONAL NAME
Personal name Hanif,Mohammed
245 ## - TITLE STATEMENT
Title Modern Accountancy/
Statement of responsibility, etc by Mohammed Hanif [and] Amitabha Mukherjee
250 ## - EDITION STATEMENT
Edition statement 3rd ed.
260 ## - PUBLICATION, DISTRIBUTION, ETC. (IMPRINT)
Place of publication, distribution, etc New Delhi
Name of publisher, distributor, etc McGraw Hill
Date of publication, distribution, etc 2006
270 ## - ADDRESS
Address 7 West Patel Nagar,
City New Delhi
Postal code 110008
300 ## - PHYSICAL DESCRIPTION
Extent xxxv,various paging
Dimensions 27cm(pbk)
Other physical details ill.
700 ## - ADDED ENTRY--PERSONAL NAME
Personal name Amitabha Mukherjee
942 ## - ADDED ENTRY ELEMENTS (KOHA)
Source of classification or shelving scheme Dewey Decimal Classification
Item type English Books
Call number suffix MUK
Classification part 657.044
Holdings
Withdrawn status Lost status Not for loan Collection code Home library Current library Date acquired Full call number Barcode Koha item type
      Non-fiction Sarojini Nagar Sarojini Nagar 20/01/2020 657.044 MUK B-192471 English Books

© Delhi Public Library
Hit Counter
free hit counter